This too is Barcelona / (Record no. 60528)
[ view plain ]
| 000 -LEADER | |
|---|---|
| campo de control de longitud fija | 00696nam a2200217 i 4500 |
| 001 - NÚMERO DE CONTROL | |
| campo de control | 60528 |
| 003 - IDENTIFICADOR DE NÚMERO DE CONTROL | |
| campo de control | ES-MaACL |
| 005 - FECHA Y HORA DE LA ÚLTIMA TRANSACCIÓN | |
| campo de control | 20251113132026.0 |
| 007 - CAMPO FIJO DE DESCRIPCIÓN FÍSICA--INFORMACIÓN GENERAL | |
| campo de control de longitud fija | t| |
| 008 - DATOS DE LONGITUD FIJA--INFORMACIÓN GENERAL | |
| campo de control de longitud fija | 031105s1966 sp ||||1| eng d |
| 100 1# - ENTRADA PRINCIPAL--NOMBRE DE PERSONA | |
| Nombre de persona | Espinàs, Josep M., |
| Fechas asociadas al nombre | 1927- |
| 9 (RLIN) | 47850 |
| 245 10 - MENCIÓN DEL TÍTULO | |
| Título | This too is Barcelona / |
| Mención de responsabilidad, etc. | J.M. Espinàs ; illustrations Cesc ; photographs, O. Maspons and J. Ubiña. |
| 260 ## - PUBLICACIÓN, DISTRIBUCIÓN, ETC. | |
| Lugar de publicación, distribución, etc. | [Barcelona : |
| Nombre del editor, distribuidor, etc. | Lumen, |
| Fecha de publicación, distribución, etc. | 1966] |
| 300 ## - DESCRIPCIÓN FÍSICA | |
| Extensión | 143 p. ; |
| Dimensiones | 24 cm. |
| 651 #4 - PUNTO DE ACCESO ADICIONAL DE MATERIA--NOMBRE GEOGRÁFICO | |
| Nombre geográfico | Barcelona- |
| Subdivisión de forma | Guías turísticas. |
| 9 (RLIN) | 7861 |
| 700 1# - ENTRADA AGREGADA--NOMBRE PERSONAL | |
| Nombre de persona | Cesc. |
| 9 (RLIN) | 37681 |
| 700 1# - ENTRADA AGREGADA--NOMBRE PERSONAL | |
| Nombre de persona | Maspons, Oriol, |
| Fechas asociadas al nombre | 1928-2013 |
| 9 (RLIN) | 78772 |
| 700 1# - ENTRADA AGREGADA--NOMBRE PERSONAL | |
| Nombre de persona | Ubiña, Julio. |
| 9 (RLIN) | 111846 |
| 852 ## - LOCALIZACIÓN | |
| Ubicación | ES-MaACL |
| Número de control de estantería | C-31826 |
| Sublocalización o colección | R.62525 |
| Estatus retirado | Estado de pérdida | Estado de daño | No para préstamo | Biblioteca de origen | Biblioteca actual | Ubicación en estantería | Fecha de adquisición | Fuente de adquisición | Total de préstamos | Signatura topográfica completa | Código de barras | Visto por última vez | Precio de reemplazo | Tipo de ítem Koha |
|---|---|---|---|---|---|---|---|---|---|---|---|---|---|---|
| Biblioteca del Ateneo de Madrid | Biblioteca del Ateneo de Madrid | Depósito 2 | 17/01/2008 | C-31826 | 1063480 | 23/02/2023 | 23/02/2023 | Libro impreso |
